| LEADER | 01298nam a2200277u 4500 | ||
|---|---|---|---|
| 001 | 007731238-4 | ||
| 005 | 20024617115958.0 | ||
| 008 | 910312s1966 ja abc b 000 0 jpn d | ||
| 035 | 0 | |a ocm23233621 | |
| 040 | |a WaU |c WaU |d *YNH* |d CStRLIN | ||
| 100 | 1 | |6 880-01 |a Wakamori, Tarō, |d 1915-1977. | |
| 245 | 1 | 0 | |6 880-02 |a Nihon no joseishi. |b A history of women in Japan, |c Wakamori Tarō, Yamamoto Fujie [cho. |
| 260 | |6 880-03 |a Tōkyō] |b Shūeisha, |c Shōwa 41 [1966] | ||
| 300 | |a 4 v. |b illus., maps, ports. |c 18 cm. | ||
| 504 | |a Includes bibliographies. | ||
| 505 | 0 | |6 880-04 |a [V.1] Jōdai, Jotei to saijotachi--[v.2] Chūsei, Ranse ni ikiru--[v.3] Kinsei, Ninjū to bitoku to--[v.4] Kindai, Atarashisa o motomete. | |
| 650 | 0 | |a Women |z Japan. | |
| 700 | 1 | |6 880-05 |a Yamamoto, Fujie, |d 1910-2003. | |
| 740 | 2 | |a A history of women in Japan. | |
| 880 | 1 | |6 100-01 |a 和歌森太郎, |d 1915-1977. | |
| 880 | 1 | 0 | |6 245-02 |a 日本の女性史. |b A history of women in Japan, |c 和歌森太郎, 山本藤枝[著. |
| 880 | |6 260-03 |a 東京] |b 集英社, |c 昭和41 [1966] | ||
| 880 | 0 | |6 505-04 |a [V.1] 上代女帝と才女たち--[v.2] 中世乱世に生きる--[v.3] 近世忍從と美德と--[v.4] 近代新しさを求めて. | |
| 880 | 1 | |6 700-05 |a 山本藤枝, |d 1910- |e joint author. | |
| 988 | |a 20021214 | ||
| 906 | |0 OCLC | ||


